Central Library OPAC University of Rajshahi

فکر اقبال ;; fikr-i Iqbāl / (Record no. 85176)

MARC details
000 -LEADER
fixed length control field 00894cam a22002415i 4500
001 - CONTROL NUMBER
control field 85176
003 - CONTROL NUMBER IDENTIFIER
rucl marc code BD-RjUL
005 - DATE AND TIME OF LATEST TRANSACTION
control field 20250710153345.0
008 - FIXED-LENGTH DATA ELEMENTS--GENERAL INFORMATION
fixed length control field 250609s 195?pk b 000 0 urd
035 ## - SYSTEM CONTROL NUMBER
System control number (BD-RjUL)85176
040 ## - CATALOGING SOURCE
Original cataloging agency DLC
Language of cataloging eng
Description conventions rda
Transcribing agency DLC
041 0# - LANGUAGE CODE
Language code of text/sound track or separate title urd
-- per
082 ## - DEWEY DECIMAL CLASSIFICATION NUMBER
Edition number 23
Classification number 297.092
Author mark and year ABF 195?
100 1# - MAIN ENTRY--PERSONAL NAME
Personal name Abdul Hakim, Caliphah ;;; عبد الحکیم، خليفه
9 (RLIN) 15876
245 10 - TITLE STATEMENT
Title فکر اقبال ;; fikr-i Iqbāl /
Statement of responsibility, etc. خليفه عبد الحکیم ;; Caliphah Abdul Hakim
260 ## - PUBLICATION, DISTRIBUTION, ETC. (IMPRINT)
Place of publication, distribution, etc. Lahore :
Name of publisher, distributor, etc. Bajam i Iqbal ,
Date of publication, distribution, etc. 195?
300 ## - PHYSICAL DESCRIPTION
Pagination 765 pages ;
Size 23 cm
600 10 - SUBJECT ADDED ENTRY--PERSONAL NAME
Personal name Iqbal, Muhammad,
Titles and other words associated with a name Sir,
Dates associated with a name 1877-1938
General subdivision Criticism and interpretation.
650 ## - SUBJECT ADDED ENTRY--TOPICAL TERM
Topical term or geographic name as entry element Urdu poetry
Form subdivision Philosophical themes
9 (RLIN) 15877
Topical term or geographic name as entry element (اسلامی مفکرین کا تعارف — اقبال)
9 (RLIN) 15984
942 ## - ADDED ENTRY ELEMENTS (KOHA)
Source of classification or shelving scheme Dewey Decimal Classification
Koha item type Books
Holdings
Lost status Source of classification or shelving scheme Damaged status Not for loan Collection code Permanent Location Current Location Shelving location Date acquired Cost, normal purchase price Total Checkouts Full call number Date last seen Copy number Koha item type Source of acquisition
  Dewey Decimal Classification   Not For Loan Non-fiction Central Library, University of Rajshahi Central Library, University of Rajshahi Reading Room 10/07/2025 10.00   U 297.092 ABF 195? 10/07/2025 C-1 Books  
  Dewey Decimal Classification     Non-fiction Central Library, University of Rajshahi Central Library, University of Rajshahi General Stacks 10/08/1959 10.00   U 297.092 ABF 195? 14/09/2025 C-2 Books Muhammad & brathers